000 01339nam a2200349 i 4500
003 EG-GICUC
005 20260430123350.0
008 260430s1998 ua ||||fr|||| 000 0 ara d
017 _a1998/8242
020 _a9770423505
040 _a EG-GICUC
_bara
_c EG-GICUC
_d EG-GICUC
_erda
041 _aara
_hara
082 0 4 _221
_a343.3
_bم ح . ش
092 0 4 _221
099 _aLaw1 10 343.3 م ح . ش 3 ed - 1998
100 0 _aمحمود نجيب حسني.
_eمؤلف.
245 1 0 _aشرح قانون الإجراءات الجنائية /
_cتأليف الدكتور محمود نجيب حسني.
250 _aالطبعة الثالثة
_b1998.
264 1 _aالقاهرة :
_bدار النهضة العربية,
_c1979.
264 3 _aالجيزة :
_bمطبعة جامعة القاهرة والكتاب الجامعى،
_c1998.
300 _a1555 صفحة ;
_c24 سم
336 _2rda content
_atext
337 _2rda media
_aComputer
338 _2rda carrier
_aOnline Resource
504 _aيشتمل على إرجاعات ببليوجرافية.
546 _aالنص باللغة العربية
650 1 4 _aالقانون الجنائي
650 1 4 _a قانون الإجراءات الجنائية
856 4 0 _uhttps://fll.law.cu.edu.eg/fulltext/bks/B10-05759.pdf
905 _a43
942 _2ddc
_cBK
_e21
_n0
999 _c74494
_d74494